[Event "HUN-chT2 Erkel 0708"]
[Site "Hungary"]
[Date "2007.12.16"]
[Round "5"]
[White "Radnoti, Bela"]
[Black "Dostan, Janos"]
[Result "0-1"]
[WhiteElo "2225"]
[BlackElo "2234"]
[PlyCount "70"]
[EventDate "2007.10.14"]
[EventType "team"]
[EventRounds "11"]
[EventCountry "HUN"]
[SourceTitle "EXT 2009"]
[Source "ChessBase"]
[SourceDate "2008.11.26"]
[SourceVersion "1"]
[SourceVersionDate "2008.11.26"]
[SourceQuality "1"]
[WhiteTeam "Dunaharaszti II"]
[BlackTeam "Ujszasz"]
[WhiteTeamCountry "HUN"]
[BlackTeamCountry "HUN"]

1. d4 Nf6 2. Nf3 g6 3. c4 Bg7 4. Nc3 0-0 5. e4 d6 6. h3 c5 7. Be3 Qa5 8. Qd2 cxd4 9. Nxd4 Nc6 10. Nc2 Be6 11. Be2 a6 12. a3 Qc7 13. Rb1 Na5 14. b3 b5 15. Nd4 bxc4 16. Nxe6 fxe6 17. b4 Nb3 18. Qc2 Rac8 19. 0-0 d5 20. Rfd1 Rfd8 21. Na4 Nxe4 22. Bb6 Qf4 23. Bg4 Qf6 24. Bxd8 Rxd8 25. Qe2 h5 26. f3 Nd4 27. Qe3 Ng3 28. Rxd4 Qxd4 29. Bxe6+ Kf8 30. Qxd4 Bxd4+ 31. Kh2 Ne2 32. Rd1 Rd6 33. Bc8 c3 34. Rxd4 Nxd4 35. Nxc3 Rc6 0-1

[Event "HUN-chT2 Erkel 0708"]
[Site "Hungary"]
[Date "2007.11.11"]
[Round "2"]
[White "Mede, Istvan"]
[Black "Radnoti, Bela"]
[Result "1/2-1/2"]
[WhiteElo "2233"]
[BlackElo "2225"]
[PlyCount "32"]
[EventDate "2007.10.14"]
[EventType "team"]
[EventRounds "11"]
[EventCountry "HUN"]
[SourceTitle "EXT 2009"]
[Source "ChessBase"]
[SourceDate "2008.11.26"]
[SourceVersion "1"]
[SourceVersionDate "2008.11.26"]
[SourceQuality "1"]
[WhiteTeam "Paszto"]
[BlackTeam "Dunaharaszti II"]
[WhiteTeamCountry "HUN"]
[BlackTeamCountry "HUN"]

1. d4 d5 2. c4 e6 3. Nc3 Nf6 4. cxd5 exd5 5. Bg5 Be7 6. e3 0-0 7. Bd3 c6 8. Nf3 Bg4 9. h3 Bh5 10. Qc2 Bg6 11. Bxg6 hxg6 12. Bf4 Nbd7 13. 0-0 Rc8 14. Rfd1 Bb4 15. Ne2 Ba5 16. Rab1 Ne4 1/2-1/2

[Event "HUN-chT2 Erkel 0607"]
[Site "Hungary"]
[Date "2007.04.29"]
[Round "9"]
[White "Kadas, Gabor"]
[Black "Radnoti, Bela"]
[Result "1/2-1/2"]
[WhiteElo "2208"]
[BlackElo "2235"]
[PlyCount "21"]
[EventDate "2006.11.12"]
[EventType "team"]
[EventRounds "11"]
[EventCountry "HUN"]
[SourceTitle "EXT 2008"]
[Source "ChessBase"]
[SourceDate "2007.11.25"]
[SourceVersion "1"]
[SourceVersionDate "2007.11.25"]
[SourceQuality "1"]
[WhiteTeam "Ujszasz"]
[BlackTeam "Dunaharaszti II"]
[WhiteTeamCountry "HUN"]
[BlackTeamCountry "HUN"]

1. d4 c5 2. c3 e6 3. Nf3 Nf6 4. Bf4 Nc6 5. e3 Nh5 6. Bg3 a6 7. dxc5 Nxg3 8. hxg3 Bxc5 9. Bd3 h6 10. Nbd2 d5 11. 0-0 1/2-1/2

[Event "HUN-chT2 Erkel 0607"]
[Site "Hungary"]
[Date "2007.04.15"]
[Round "8"]
[White "Mede, Istvan"]
[Black "Radnoti, Bela"]
[Result "1/2-1/2"]
[WhiteElo "2237"]
[BlackElo "2235"]
[PlyCount "55"]
[EventDate "2006.11.12"]
[EventType "team"]
[EventRounds "11"]
[EventCountry "HUN"]
[SourceTitle "EXT 2008"]
[Source "ChessBase"]
[SourceDate "2007.11.25"]
[SourceVersion "1"]
[SourceVersionDate "2007.11.25"]
[SourceQuality "1"]
[WhiteTeam "Paszto"]
[BlackTeam "Dunaharaszti II"]
[WhiteTeamCountry "HUN"]
[BlackTeamCountry "HUN"]

1. d4 e6 2. c4 d5 3. Nc3 Nf6 4. cxd5 exd5 5. Bg5 Be7 6. e3 0-0 7. Bd3 c6 8. Qc2 h6 9. Bf4 Bd6 10. Bxd6 Qxd6 11. Nf3 Nbd7 12. h3 b5 13. 0-0-0 Re8 14. g4 b4 15. Na4 Ne4 16. Bxe4 dxe4 17. Nd2 Qd5 18. Qb3 a5 19. Qxd5 cxd5 20. Nb3 Ba6 21. Nbc5 Bb5 22. Kd2 Bxa4 23. Nxa4 Kf8 24. Rc1 Rec8 25. Ke2 Ke7 26. f3 exf3+ 27. Kxf3 Kd6 28. Rhe1 1/2-1/2

[Event "HUN-chT2 Erkel 0607"]
[Site "Hungary"]
[Date "2007.03.25"]
[Round "7"]
[White "Radnoti, Bela"]
[Black "Tornai, Imre"]
[Result "1-0"]
[WhiteElo "2235"]
[BlackElo "2263"]
[PlyCount "65"]
[EventDate "2006.11.12"]
[EventType "team"]
[EventRounds "11"]
[EventCountry "HUN"]
[SourceTitle "EXT 2008"]
[Source "ChessBase"]
[SourceDate "2007.11.25"]
[SourceVersion "1"]
[SourceVersionDate "2007.11.25"]
[SourceQuality "1"]
[WhiteTeam "Dunaharaszti II"]
[BlackTeam "Vaci"]
[WhiteTeamCountry "HUN"]
[BlackTeamCountry "HUN"]

1. d4 Nf6 2. Nf3 g6 3. c4 Bg7 4. Nc3 d5 5. g3 dxc4 6. Qa4+ c6 7. Qxc4 Be6 8. Qd3 Na6 9. Bg2 Nb4 10. Qd2 a5 11. 0-0 0-0 12. a3 Na6 13. Qc2 Ne8 14. e4 Bg4 15. d5 cxd5 16. Nxd5 Rc8 17. Qe2 e6 18. Ne3 Bxf3 19. Bxf3 Rc5 20. Rb1 Qc7 21. b4 axb4 22. axb4 Nxb4 23. Ba3 Na6 24. Bxc5 Nxc5 25. Rfc1 Nf6 26. Qb5 Nfd7 27. Bg2 h5 28. Rc2 h4 29. Rd1 b6 30. Rxd7 Qxd7 31. Rxc5 Qd2 32. Rc2 Qe1+ 33. Qf1 1-0

[Event "HUN-chT2 Erkel 0506"]
[Site "Hungary"]
[Date "2006.03.19"]
[Round "9"]
[White "Mede, Istvan"]
[Black "Radnoti, Bela"]
[Result "1/2-1/2"]
[WhiteElo "2213"]
[BlackElo "2235"]
[PlyCount "30"]
[EventDate "2005.10.16"]
[EventType "team"]
[EventRounds "11"]
[EventCountry "HUN"]
[SourceTitle "EXT 2009"]
[Source "ChessBase"]
[SourceDate "2008.11.26"]
[SourceVersion "1"]
[SourceVersionDate "2008.11.26"]
[SourceQuality "1"]
[WhiteTeam "Paszto"]
[BlackTeam "Dunaharaszti II"]
[WhiteTeamCountry "HUN"]
[BlackTeamCountry "HUN"]

1. e4 e6 2. d4 d5 3. Nc3 dxe4 4. Nxe4 Be7 5. Nf3 Nf6 6. Bd3 0-0 7. Qe2 Nbd7 8. Bd2 c5 9. dxc5 Nxc5 10. Nxc5 Bxc5 11. 0-0-0 Qc7 12. Ne5 Nd5 13. Rhe1 f6 14. Qe4 f5 15. Qh4 Be7 1/2-1/2

[Event "HUN-chT2 Erkel 0506"]
[Site "Hungary"]
[Date "2006.02.12"]
[Round "7"]
[White "Tornai, Imre"]
[Black "Radnoti, Bela"]
[Result "1/2-1/2"]
[WhiteElo "2263"]
[BlackElo "2235"]
[PlyCount "64"]
[EventDate "2005.10.16"]
[EventType "team"]
[EventRounds "11"]
[EventCountry "HUN"]
[SourceTitle "EXT 2009"]
[Source "ChessBase"]
[SourceDate "2008.11.26"]
[SourceVersion "1"]
[SourceVersionDate "2008.11.26"]
[SourceQuality "1"]
[WhiteTeam "Vaci"]
[BlackTeam "Dunaharaszti II"]
[WhiteTeamCountry "HUN"]
[BlackTeamCountry "HUN"]

1. e4 e6 2. d4 d5 3. Nc3 dxe4 4. Nxe4 Nd7 5. Bd3 Ngf6 6. Qe2 Be7 7. Nf3 0-0 8. Bg5 c5 9. dxc5 Nxc5 10. Nxc5 Qa5+ 11. c3 Qxc5 12. 0-0-0 Nd5 13. Bxe7 Nxe7 14. Rd2 Nc6 15. Re1 e5 16. Ng5 h6 17. Qe4 f5 18. Qc4+ Qxc4 19. Bxc4+ Kh8 20. Nf7+ Kh7 21. b4 a6 22. Nd8 Rf6 23. Rd6 Kg6 24. Kb2 e4 25. Bf7+ Kg5 26. h4+ Kxh4 27. Rxf6 gxf6 28. Nxc6 bxc6 29. Rh1+ Kg5 30. Rh5+ Kf4 31. Rxh6 Ke5 32. Rh1 Bb7 1/2-1/2

[Event "HUN-chT2 Erkel 0506"]
[Site "Hungary"]
[Date "2005.10.30"]
[Round "2"]
[White "Radnoti, Bela"]
[Black "Nogrady, Vilmos"]
[Result "1/2-1/2"]
[WhiteElo "2235"]
[BlackElo "2276"]
[PlyCount "70"]
[EventDate "2005.10.16"]
[EventType "team"]
[EventRounds "11"]
[EventCountry "HUN"]
[SourceTitle "EXT 2009"]
[Source "ChessBase"]
[SourceDate "2008.11.26"]
[SourceVersion "1"]
[SourceVersionDate "2008.11.26"]
[SourceQuality "1"]
[WhiteTeam "Dunaharaszti II"]
[BlackTeam "Foti"]
[WhiteTeamCountry "HUN"]
[BlackTeamCountry "HUN"]

1. d4 Nf6 2. Nf3 g6 3. c4 Bg7 4. Nc3 d5 5. cxd5 Nxd5 6. e4 Nxc3 7. bxc3 0-0 8. Bc4 c5 9. 0-0 Nc6 10. Be3 Bg4 11. e5 Bxf3 12. gxf3 e6 13. f4 cxd4 14. cxd4 Rc8 15. Rc1 Ne7 16. Be2 Rxc1 17. Qxc1 Qd7 18. Qa3 b6 19. Bf3 Rc8 20. Rc1 Rxc1+ 21. Qxc1 h5 22. Qc4 Nd5 23. f5 Nxe3 24. fxe6 Qxe6 25. Qxe6 fxe6 26. fxe3 Kf7 27. Kf2 Bh6 28. Ke2 Bf8 29. Kd3 a6 30. Bb7 a5 31. a4 Bh6 32. h3 Ke7 33. Be4 Kf7 34. Bf3 Ke7 35. Bd1 Bg5 1/2-1/2

[Event "HUN-chT2 Erkel 0506"]
[Site "Hungary"]
[Date "2005.10.16"]
[Round "1"]
[White "Frink, Ferenc"]
[Black "Radnoti, Bela"]
[Result "1/2-1/2"]
[WhiteElo "2212"]
[BlackElo "2235"]
[PlyCount "24"]
[EventDate "2005.10.16"]
[EventType "team"]
[EventRounds "11"]
[EventCountry "HUN"]
[SourceTitle "EXT 2009"]
[Source "ChessBase"]
[SourceDate "2008.11.26"]
[SourceVersion "1"]
[SourceVersionDate "2008.11.26"]
[SourceQuality "1"]
[WhiteTeam "Vasarteri"]
[BlackTeam "Dunaharaszti II"]
[WhiteTeamCountry "HUN"]
[BlackTeamCountry "HUN"]

1. e4 e6 2. d4 d5 3. exd5 exd5 4. Bd3 Nf6 5. Bg5 Be7 6. Nf3 0-0 7. 0-0 Bg4 8. h3 Bh5 9. Nbd2 c6 10. c3 Bg6 11. Qc2 Nbd7 12. Bxg6 hxg6 1/2-1/2

[Event "HUN-chT2 Breyer 0405"]
[Site "Hungary"]
[Date "2005.04.24"]
[Round "11"]
[White "Balvanyos, Istvan"]
[Black "Radnoti, Bela"]
[Result "0-1"]
[WhiteElo "2132"]
[BlackElo "2229"]
[PlyCount "80"]
[EventDate "2004.09.26"]
[EventType "team"]
[EventRounds "11"]
[EventCountry "HUN"]
[SourceTitle "EXT 2009"]
[Source "ChessBase"]
[SourceDate "2008.11.26"]
[SourceVersion "1"]
[SourceVersionDate "2008.11.26"]
[SourceQuality "1"]
[WhiteTeam "Turul"]
[BlackTeam "Dunaharaszti II"]
[WhiteTeamCountry "HUN"]
[BlackTeamCountry "HUN"]

1. Nf3 d5 2. c4 d4 3. d3 c5 4. g3 Nc6 5. Bg2 e5 6. a3 Nf6 7. 0-0 a5 8. a4 Be7 9. Na3 0-0 10. Nb5 h6 11. Ne1 Bf5 12. e4 dxe3 13. fxe3 Qd7 14. Qf3 Bxd3 15. Nxd3 Qxd3 16. Nc7 Rad8 17. Nd5 Nxd5 18. cxd5 Nb4 19. Qg4 f5 20. Qd1 e4 21. Qxd3 Nxd3 22. g4 g6 23. Bd2 b6 24. gxf5 gxf5 25. Bh3 Rxd5 26. Bc3 Bg5 27. Bd2 Nxb2 28. Bc1 Nc4 29. Kf2 Kh7 30. Rb1 Rf6 31. Ke2 Kg6 32. Rb3 Rfd6 33. Rf2 Bh4 34. Rg2+ Kf7 35. Rg1 Rd2+ 36. Bxd2 Rxd2+ 37. Kf1 Rf2+ 38. Ke1 Rb2+ 39. Kd1 Rxb3 40. Kc2 Rxe3 0-1

[Event "HUN-chT2 Breyer 0405"]
[Site "Hungary"]
[Date "2005.04.10"]
[Round "10"]
[White "Radnoti, Bela"]
[Black "Szekely, Csaba"]
[Result "1/2-1/2"]
[WhiteElo "2229"]
[BlackElo "2269"]
[PlyCount "88"]
[EventDate "2004.09.26"]
[EventType "team"]
[EventRounds "11"]
[EventCountry "HUN"]
[SourceTitle "EXT 2009"]
[Source "ChessBase"]
[SourceDate "2008.11.26"]
[SourceVersion "1"]
[SourceVersionDate "2008.11.26"]
[SourceQuality "1"]
[WhiteTeam "Dunaharaszti II"]
[BlackTeam "Vertesi Eromu"]
[WhiteTeamCountry "HUN"]
[BlackTeamCountry "HUN"]

1. d4 Nf6 2. Nf3 g6 3. Bg5 Bg7 4. Nc3 d5 5. Bxf6 Bxf6 6. e4 dxe4 7. Nxe4 Bg7 8. Bc4 Nc6 9. c3 0-0 10. 0-0 b6 11. Qe2 a5 12. Rad1 a4 13. Rfe1 Na5 14. Bb5 a3 15. b4 Nb7 16. Ne5 e6 17. Nc6 Qh4 18. g3 Qh6 19. f4 Nd6 20. Ne7+ Kh8 21. Bc6 Ra7 22. Nxc8 Nxc8 23. Ng5 Bf6 24. h4 Ne7 25. Bf3 c6 26. Kg2 Nd5 27. Qd2 b5 28. f5 Qg7 29. fxe6 Bxg5 30. hxg5 fxe6 31. Bg4 Re7 32. Rxe6 Rfe8 33. Rde1 Rxe6 34. Rxe6 Rxe6 35. Bxe6 Qe7 36. Bxd5 cxd5 37. Kf2 Qe4 38. Qc1 Kg8 39. Qxa3 Qc2+ 40. Ke1 Qe4+ 41. Kd2 Qg2+ 42. Kc1 Qf1+ 43. Kc2 Qe2+ 44. Kb1 Qd3+ 1/2-1/2

[Event "HUN-chT2 Breyer 0405"]
[Site "Hungary"]
[Date "2005.02.20"]
[Round "8"]
[White "Radnoti, Bela"]
[Black "Bartos, Imre"]
[Result "1/2-1/2"]
[WhiteElo "2229"]
[BlackElo "2087"]
[PlyCount "88"]
[EventDate "2004.09.26"]
[EventType "team"]
[EventRounds "11"]
[EventCountry "HUN"]
[SourceTitle "EXT 2009"]
[Source "ChessBase"]
[SourceDate "2008.11.26"]
[SourceVersion "1"]
[SourceVersionDate "2008.11.26"]
[SourceQuality "1"]
[WhiteTeam "Dunaharaszti II"]
[BlackTeam "Husi II"]
[WhiteTeamCountry "HUN"]
[BlackTeamCountry "HUN"]

1. d4 Nf6 2. Nf3 e6 3. Bf4 b6 4. e3 Bb7 5. Bd3 c5 6. c3 Be7 7. Nbd2 cxd4 8. exd4 0-0 9. Qe2 d6 10. 0-0 Nbd7 11. Nc4 Ne8 12. Rfe1 Ndf6 13. Rad1 Nh5 14. Bc1 Nhf6 15. Ncd2 Qc7 16. Nf1 Nd5 17. Ng5 g6 18. h4 Ng7 19. Ng3 Rae8 20. h5 Qc6 21. f3 Qc7 22. hxg6 hxg6 23. Qf2 Nf6 24. N3e4 Nxe4 25. Bxe4 Bxe4 26. Rxe4 Bxg5 27. Bxg5 f6 28. Bh6 Kf7 29. Rde1 Rg8 30. Qe2 d5 31. Re3 Qd6 32. Bxg7 Rxg7 33. Kf2 Rh7 34. Qa6 Re7 35. Qc8 Rh5 36. R1e2 f5 37. Re5 Rh7 38. c4 dxc4 39. d5 Rh4 40. Rxe6 Rxe6 41. Rxe6 Qc5+ 42. Qxc5 bxc5 43. Rc6 Rd4 44. Rxc5 Rd2+ 1/2-1/2

[Event "HUN-chT2 Breyer 0405"]
[Site "Hungary"]
[Date "2004.10.10"]
[Round "2"]
[White "Burghardt, Jozsef"]
[Black "Radnoti, Bela"]
[Result "1/2-1/2"]
[WhiteElo "2178"]
[BlackElo "2229"]
[PlyCount "40"]
[EventDate "2004.09.26"]
[EventType "team"]
[EventRounds "11"]
[EventCountry "HUN"]
[SourceTitle "EXT 2009"]
[Source "ChessBase"]
[SourceDate "2008.11.26"]
[SourceVersion "1"]
[SourceVersionDate "2008.11.26"]
[SourceQuality "1"]
[WhiteTeam "Zoltek"]
[BlackTeam "Dunaharaszti II"]
[WhiteTeamCountry "HUN"]
[BlackTeamCountry "HUN"]

1. e4 e6 2. d4 d5 3. Nd2 Nf6 4. e5 Ne4 5. Bd3 Nxd2 6. Bxd2 c5 7. Qg4 Nc6 8. Nf3 cxd4 9. a3 Bd7 10. 0-0 g6 11. Bg5 Be7 12. Bh6 Qc7 13. Rfe1 0-0-0 14. Qf4 f6 15. Bg7 fxe5 16. Bxe5 Nxe5 17. Nxe5 Rhf8 18. Qg3 Bd6 19. f4 Qb6 20. b4 Bxe5 1/2-1/2

[Event "HUN-chT2 Breyer 0405"]
[Site "Hungary"]
[Date "2004.09.26"]
[Round "1"]
[White "Radnoti, Bela"]
[Black "Horvath, Mario"]
[Result "1/2-1/2"]
[WhiteElo "2229"]
[BlackElo "2320"]
[PlyCount "88"]
[EventDate "2004.09.26"]
[EventType "team"]
[EventRounds "11"]
[EventCountry "HUN"]
[SourceTitle "EXT 2009"]
[Source "ChessBase"]
[SourceDate "2008.11.26"]
[SourceVersion "1"]
[SourceVersionDate "2008.11.26"]
[SourceQuality "1"]
[WhiteTeam "Dunaharaszti II"]
[BlackTeam "Komarom"]
[WhiteTeamCountry "HUN"]
[BlackTeamCountry "HUN"]

1. d4 d5 2. Nf3 Nf6 3. Bf4 c6 4. e3 Bg4 5. Nbd2 Nbd7 6. Bd3 e6 7. h3 Bh5 8. 0-0 Be7 9. c4 dxc4 10. Nxc4 Nd5 11. Nd6+ Bxd6 12. Bxd6 N7f6 13. Bh2 0-0 14. a3 Qe7 15. g4 Bg6 16. Ne5 Bxd3 17. Qxd3 Rfd8 18. Rac1 Nb6 19. Bg3 Nfd7 20. Qc3 Nxe5 21. Bxe5 h5 22. gxh5 Qh4 23. Kh2 f6 24. Bg3 Qxh5 25. Qb3 Kf7 26. Qd1 Rh8 27. Qxh5+ Rxh5 28. Kg2 Rb5 29. b4 Nd7 30. Bd6 Rd5 31. Bg3 Ke7 32. Rc4 a5 33. Rb1 a4 34. e4 Rh5 35. f4 Rah8 36. h4 Rb5 37. Kf3 f5 38. e5 Rd5 39. Bf2 Rh5 40. b5 cxb5 41. Rcb4 Rh8 42. Rxb5 b6 43. R5b4 Ra8 44. Rg1 Kf7 1/2-1/2

[Event "HUN-chT2 Erkel 0304"]
[Site "Hungary"]
[Date "2004.04.18"]
[Round "11"]
[White "Radnoti, Bela"]
[Black "Torok, Sandor"]
[Result "0-1"]
[WhiteElo "2255"]
[BlackElo "2290"]
[PlyCount "33"]
[EventDate "2003.09.28"]
[EventType "team"]
[EventRounds "11"]
[EventCountry "HUN"]
[SourceTitle "EXT 2009"]
[Source "ChessBase"]
[SourceDate "2008.11.26"]
[SourceVersion "1"]
[SourceVersionDate "2008.11.26"]
[SourceQuality "1"]
[WhiteTeam "Dunaharaszti II"]
[BlackTeam "Godollo"]
[WhiteTeamCountry "HUN"]
[BlackTeamCountry "HUN"]

1. d4 Nf6 2. Nf3 g6 3. c4 Bg7 4. Nc3 d5 5. Bf4 0-0 6. e3 c5 7. Be2 cxd4 8. Nxd4 Nc6 9. Nxc6 bxc6 10. Be5 Qb6 11. Qb3 dxc4 12. Bxc4 Qa5 13. Bxf6 Bxf6 14. 0-0 Bf5 15. e4 Rab8 16. Qc2 Bc8 17. Bb3 0-1

[Event "HUN-chT2 Erkel 0304"]
[Site "Hungary"]
[Date "2004.01.25"]
[Round "6"]
[White "Radnai, Adam"]
[Black "Radnoti, Bela"]
[Result "0-1"]
[WhiteElo "2138"]
[BlackElo "2255"]
[PlyCount "35"]
[EventDate "2003.09.28"]
[EventType "team"]
[EventRounds "11"]
[EventCountry "HUN"]
[SourceTitle "EXT 2009"]
[Source "ChessBase"]
[SourceDate "2008.11.26"]
[SourceVersion "1"]
[SourceVersionDate "2008.11.26"]
[SourceQuality "1"]
[WhiteTeam "Barcza"]
[BlackTeam "Dunaharaszti II"]
[WhiteTeamCountry "HUN"]
[BlackTeamCountry "HUN"]

1. e4 e6 2. d3 d5 3. Nd2 c5 4. Ngf3 Nc6 5. g3 Nf6 6. Bg2 Be7 7. 0-0 0-0 8. Re1 a6 9. e5 Nd7 10. Nf1 d4 11. h4 Qc7 12. Bf4 b5 13. Ng5 Bxg5 14. hxg5 Bb7 15. Nh2 Ne7 16. Bxb7 Qxb7 17. Qh5 Ng6 18. Ng4 0-1

[Event "HUN-chT2 Maroczy 0304"]
[Site "Hungary"]
[Date "2003.09.28"]
[Round "1"]
[White "Radnoti, Bela"]
[Black "Szell, Lajos"]
[Result "1-0"]
[WhiteElo "2255"]
[BlackElo "2204"]
[PlyCount "79"]
[EventDate "2003.09.28"]
[EventType "team"]
[EventRounds "11"]
[EventCountry "HUN"]
[SourceTitle "EXT 2005"]
[Source "ChessBase"]
[SourceDate "2004.11.15"]
[SourceVersion "1"]
[SourceVersionDate "2004.11.15"]
[SourceQuality "1"]

1. d4 Nf6 2. Nf3 g6 3. Nc3 d5 4. Bg5 Bg7 5. e3 0-0 6. Be2 Bg4 7. 0-0 Nbd7 8. h3 Bxf3 9. Bxf3 c6 10. e4 dxe4 11. Nxe4 Qb6 12. Nxf6+ Nxf6 13. Re1 e6 14. Qd2 Rfd8 15. c3 Rd7 16. Qc2 a5 17. Bf4 Nd5 18. Be5 Bxe5 19. Rxe5 Rad8 20. Rae1 c5 21. dxc5 Qxc5 22. h4 Qc7 23. Qc1 Kg7 24. h5 Nf6 25. Qe3 b6 26. Rb5 Rb8 27. g3 Rd6 28. Qe5 Qe7 29. Kg2 Kg8 30. Rh1 Nd7 31. Qf4 e5 32. Qe3 f5 33. hxg6 hxg6 34. Bd5+ Rxd5 35. Rxd5 e4 36. Qh6 Nf8 37. Qh8+ Kf7 38. Rh7+ Nxh7 39. Qxb8 e3 40. Re5 1-0

[Event "HUN-chT3 0001"]
[Site "Hungary"]
[Date "2001.04.08"]
[Round "10.3"]
[White "Ponyi, Attila"]
[Black "Radnoti, Bela"]
[Result "1/2-1/2"]
[WhiteElo "2071"]
[BlackElo "2250"]
[PlyCount "23"]
[EventDate "2000.10.29"]
[EventType "team"]
[EventRounds "11"]
[EventCountry "HUN"]
[SourceTitle "EXT 2007"]
[Source "ChessBase"]
[SourceDate "2006.11.23"]
[SourceVersion "1"]
[SourceVersionDate "2006.11.23"]
[SourceQuality "1"]

1. d4 e6 2. c3 d5 3. Bf4 Nf6 4. Nd2 c5 5. e3 Qb6 6. Qb3 Nc6 7. Ngf3 c4 8. Qxb6 axb6 9. a3 b5 10. Rc1 Nh5 11. Bg3 Nxg3 12. hxg3 1/2-1/2

[Event "HUN-chT3 0001"]
[Site "Hungary"]
[Date "2000.12.17"]
[Round "5.2"]
[White "Vass, Attila"]
[Black "Radnoti, Bela"]
[Result "0-1"]
[WhiteElo "2130"]
[BlackElo "2250"]
[PlyCount "72"]
[EventDate "2000.10.29"]
[EventType "team"]
[EventRounds "11"]
[EventCountry "HUN"]
[SourceTitle "EXT 2007"]
[Source "ChessBase"]
[SourceDate "2006.11.23"]
[SourceVersion "1"]
[SourceVersionDate "2006.11.23"]
[SourceQuality "1"]

1. e4 e6 2. d4 d5 3. e5 c5 4. c3 Nc6 5. Nf3 cxd4 6. cxd4 Nge7 7. Nc3 Nf5 8. Bb5 Be7 9. 0-0 0-0 10. g4 Nh4 11. Nxh4 Bxh4 12. f4 Be7 13. g5 Bd7 14. Be3 Rc8 15. Bxc6 Rxc6 16. Rf3 Be8 17. Rh3 f6 18. gxf6 gxf6 19. Rg3+ Bg6 20. h4 Kh8 21. h5 Bf5 22. Rc1 Rc8 23. Qf3 Qb6 24. b3 Qb4 25. Ne2 Rxc1+ 26. Bxc1 Rc8 27. Qf1 Be4 28. a3 Qb6 29. b4 Rc2 30. Qd1 Qc7 31. Bd2 Qc4 32. Kh2 f5 33. Nc3 Qxd4 34. Nxe4 Qxe4 35. Rg2 Bd8 36. Qa1 Rxd2 0-1

[Event "HUN-chT"]
[Site "Hungary"]
[Date "1992.??.??"]
[Round "?"]
[White "Petran, Peter"]
[Black "Radnoti, Bela"]
[Result "1-0"]
[WhiteElo "2380"]
[BlackElo "2275"]
[PlyCount "105"]
[EventDate "1992.??.??"]
[EventType "team"]
[EventRounds "14"]
[EventCountry "HUN"]
[SourceTitle "EXT 2000"]
[Source "ChessBase"]
[SourceDate "1999.11.16"]
[SourceVersion "1"]
[SourceVersionDate "1999.11.16"]
[SourceQuality "1"]

1. g3 d5 2. Bg2 Nf6 3. d3 c5 4. f4 Nc6 5. Nf3 e6 6. 0-0 Be7 7. c3 0-0 8. Qc2 b5 9. e4 c4 10. e5 Qb6+ 11. d4 Ne4 12. Nbd2 Nxd2 13. Bxd2 b4 14. g4 b3 15. axb3 Qxb3 16. Qxb3 cxb3 17. Be3 Bd7 18. Nd2 a5 19. Nxb3 Rfb8 20. Nc5 Bxc5 21. dxc5 Rxb2 22. c4 Nb4 23. Rfb1 Rxb1+ 24. Rxb1 Bc6 25. Bd2 dxc4 26. Bxb4 Bxg2 27. Kxg2 axb4 28. Rxb4 Kf8 29. Rxc4 Ke7 30. c6 f6 31. exf6+ gxf6 32. h4 Kd6 33. c7 Kd7 34. g5 fxg5 35. fxg5 Kc8 36. Kf3 Ra1 37. Kg4 Rd1 38. Kh5 e5 39. Re4 Rd5 40. Rc4 Rd6 41. Kg4 Rd1 42. Kf5 Re1 43. h5 Rh1 44. h6 Rg1 45. Rc5 Re1 46. Rxe5 Rf1+ 47. Ke6 Kxc7 48. Rf5 Re1+ 49. Kf7 Kd6 50. Kg7 Re7+ 51. Rf7 Re5 52. g6 hxg6 53. h7 1-0

[Event "Zalakaros op 10th"]
[Site "Zalakaros"]
[Date "1991.??.??"]
[Round "6"]
[White "Czebe, Attila"]
[Black "Radnoti, Bela"]
[Result "0-1"]
[WhiteElo "2280"]
[BlackElo "2275"]
[PlyCount "82"]
[EventDate "1991.05.??"]
[EventType "swiss"]
[EventRounds "9"]
[EventCountry "HUN"]
[SourceTitle "TD"]
[Source "ChessBase"]
[SourceDate "1994.03.01"]
[SourceVersion "1"]
[SourceVersionDate "1994.03.01"]
[SourceQuality "1"]

1. e4 e5 2. Nf3 Nf6 3. d4 Nxe4 4. Bd3 d5 5. dxe5 Nc5 6. 0-0 Bg4 7. Be2 c6 8. Nd4 Bxe2 9. Qxe2 Ne6 10. Nxe6 fxe6 11. Qg4 Qd7 12. Nd2 Qf7 13. Nf3 Qf5 14. Qxf5 exf5 15. Nd4 g6 16. Bg5 Be7 17. Bf6 Rg8 18. Ne6 Na6 19. f4 h6 20. Bxe7 Kxe7 21. Nd4 Nc5 22. Rf3 Ne6 23. Nxe6 Kxe6 24. Rh3 h5 25. Rd1 c5 26. Rhd3 Rad8 27. h4 Rd7 28. Ra3 b6 29. Ra6 d4 30. a4 Kd5 31. a5 Rb8 32. axb6 Rxb6 33. Rxb6 axb6 34. Ra1 Ke4 35. g3 Kf3 36. Ra3+ Ke2 37. Ra4 b5 38. Ra6 c4 39. Rd6 Rxd6 40. exd6 d3 41. d7 d2 0-1

[Event "Zalakaros op 10th"]
[Site "Zalakaros"]
[Date "1991.??.??"]
[Round "2"]
[White "Radnoti, Bela"]
[Black "Horvath, Tamas"]
[Result "0-1"]
[WhiteElo "2275"]
[BlackElo "2410"]
[PlyCount "67"]
[EventDate "1991.05.??"]
[EventType "swiss"]
[EventRounds "9"]
[EventCountry "HUN"]
[SourceTitle "TD"]
[Source "ChessBase"]
[SourceDate "1994.03.01"]
[SourceVersion "1"]
[SourceVersionDate "1994.03.01"]
[SourceQuality "1"]

1. d4 d6 2. e4 Nf6 3. Nc3 c6 4. Bg5 Qa5 5. Bxf6 gxf6 6. a3 Bg7 7. b4 Qc7 8. Bd3 f5 9. Nge2 fxe4 10. Nxe4 Nd7 11. 0-0 d5 12. N4g3 Nf6 13. Nf5 Bxf5 14. Bxf5 e6 15. Bd3 Ng4 16. g3 h5 17. h3 Nf6 18. a4 0-0-0 19. Ra3 Bf8 20. Rb3 Bd6 21. b5 c5 22. dxc5 Bxc5 23. Qd2 Rhg8 24. Kh1 Kb8 25. a5 Ne4 26. Bxe4 dxe4 27. Qh6 e3 28. fxe3 h4 29. g4 Rd2 30. Nf4 Qe5 31. e4 Qxe4+ 32. Rbf3 Bf2 33. Kg2 Bg3+ 34. Kh1 0-1